000 00882nas0a22002771 4500
001 RU\NLR\DRGNLR\781
005 20080514183448.0
035 _a(NLR Aleph) 010309351
090 _a10631600
_c10631600
100 _a20080514b1908 u y0rusy50 ca
101 0 _arus
102 _aRU
110 _acya||||||||
200 1 _aВолжский листок
_eВеч. вып. Беспл. прил. к утр. изд.
_fРед.-изд. М.З.Комлев
210 _aКазань
_d1908, 26 мая - [?]
540 1 _aВолжский листок
702 1 _aКомлев
_bМих. Зах.
_4340
801 0 _aRU
_bNLR
_c20080514
_gPSBO
_2gzdor_isis
801 2 _aRU
_bNLR
_c20080514
_gPSBO
_2rusmarc
852 _aNLR
_j1-Р/1-К-8пр
942 _cNEWSPAPER
980 _aNB